[Event "blitmenteam"]
[Site "?"]
[Date "2016.10.07"]
[Round "7.11"]
[White "Uzhva, Andrey"]
[Black "Evdokimov, Alexander A."]
[Result "0-1"]
[LiveChessVersion "1.4.4"]
[BlackElo "2524"]
[WhiteElo "2132"]

1. d4 {[%clk 0:03:03]} Nf6 {[%clk 0:03:03]} 2. c4 {[%clk 0:03:05]} c5
{[%clk 0:03:02]} 3. Nf3 {[%clk 0:03:05]} cxd4 {[%clk 0:02:53]} 4. Nxd4
{[%clk 0:03:06]} g6 {[%clk 0:02:54]} 5. Nc3 {[%clk 0:03:05]} Nc6 {[%clk 0:02:53]}
6. g3 {[%clk 0:03:00]} Bg7 {[%clk 0:02:53]} 7. Bg2 {[%clk 0:03:01]} O-O
{[%clk 0:02:54]} 8. Nc2 {[%clk 0:02:57]} d6 {[%clk 0:02:47]} 9. O-O
{[%clk 0:02:54]} Be6 {[%clk 0:02:48]} 10. Ne3 {[%clk 0:02:37]} Rc8
{[%clk 0:02:41]} 11. Ncd5 {[%clk 0:02:30]} Qd7 {[%clk 0:02:28]} 12. Rb1
{[%clk 0:02:19]} Bh3 {[%clk 0:02:21]} 13. b3 {[%clk 0:02:18]} Bxg2
{[%clk 0:02:19]} 14. Kxg2 {[%clk 0:02:18]} Nxd5 {[%clk 0:01:42]} 15. Nxd5
{[%clk 0:02:12]} e6 {[%clk 0:01:13]} 16. Ne3 {[%clk 0:02:12]} Ne5
{[%clk 0:01:13]} 17. Bb2 {[%clk 0:02:08]} Rfd8 {[%clk 0:01:11]} 18. Qd2
{[%clk 0:02:05]} b5 {[%clk 0:01:09]} 19. Rfc1 {[%clk 0:01:21]} bxc4
{[%clk 0:01:05]} 20. Nxc4 {[%clk 0:01:18]} Nxc4 {[%clk 0:01:06]} 21. bxc4
{[%clk 0:01:19]} Bxb2 {[%clk 0:00:58]} 22. Rxb2 {[%clk 0:01:18]} Qc6+
{[%clk 0:00:57]} 23. Kg1 {[%clk 0:01:16]} Qc5 {[%clk 0:00:58]} 24. Rb7
{[%clk 0:01:06]} Rc7 {[%clk 0:00:59]} 25. Rxc7 {[%clk 0:01:02]} Qxc7
{[%clk 0:01:00]} 26. c5 {[%clk 0:01:03]} dxc5 {[%clk 0:00:58]} 27. Qc3
{[%clk 0:00:54]} c4 {[%clk 0:00:56]} 28. Kg2 {[%clk 0:00:47]} Qc6+
{[%clk 0:00:57]} 29. f3 {[%clk 0:00:48]} Rc8 {[%clk 0:00:56]} 30. Rb1
{[%clk 0:00:47]} h5 {[%clk 0:00:54]} 31. h4 {[%clk 0:00:46]} Qd5 {[%clk 0:00:54]}
32. Rb4 {[%clk 0:00:46]} Qd1 {[%clk 0:00:52]} 33. Kf2 {[%clk 0:00:41]} Qh1
{[%clk 0:00:45]} 34. Rxc4 {[%clk 0:00:40]} Qh2+ {[%clk 0:00:46]} 35. Ke3
{[%clk 0:00:41]} Rxc4 {[%clk 0:00:46]} 36. Qxc4 {[%clk 0:00:42]} Qxg3
{[%clk 0:00:46]} 37. Qc8+ {[%clk 0:00:38]} Kg7 {[%clk 0:00:48]} 38. Qc3+
{[%clk 0:00:38]} e5 {[%clk 0:00:48]} 39. Qb4 {[%clk 0:00:25]} Kh7
{[%clk 0:00:41]} 40. Qe7 {[%clk 0:00:24]} Qf4+ {[%clk 0:00:42]} 41. Kf2
{[%clk 0:00:25]} Kg7 {[%clk 0:00:43]} 42. a3 {[%clk 0:00:23]} a6 {[%clk 0:00:43]}
43. Kg2 {[%clk 0:00:23]} Qf6 {[%clk 0:00:43]} 44. Qb4 {[%clk 0:00:24]} Qf4
{[%clk 0:00:44]} 45. Qe7 {[%clk 0:00:25]} Qe3 {[%clk 0:00:45]} 46. Kf1
{[%clk 0:00:24]} Qf4 {[%clk 0:00:45]} 47. Kf2 {[%clk 0:00:24]} Qd4+
{[%clk 0:00:45]} 48. Kg2 {[%clk 0:00:25]} Qf4 {[%clk 0:00:46]} 49. Kf2
{[%clk 0:00:26]} a5 {[%clk 0:00:48]} 50. Kg2 {[%clk 0:00:26]} Qd4
{[%clk 0:00:48]} 51. Kf1 {[%clk 0:00:25]} Qf4 {[%clk 0:00:49]} 52. Kf2
{[%clk 0:00:26]} Qf6 {[%clk 0:00:50]} 53. Qc5 {[%clk 0:00:14]} Qxh4+
{[%clk 0:00:51]} 54. Kg2 {[%clk 0:00:14]} Qg5+ {[%clk 0:00:52]} 55. Kf2
{[%clk 0:00:14]} a4 {[%clk 0:00:50]} 56. e3 {[%clk 0:00:11]} h4 {[%clk 0:00:51]}
57. Qc2 {[%clk 0:00:09]} Qg3+ {[%clk 0:00:52]} 58. Kf1 {[%clk 0:00:07]} Qxf3+ 59.
Qd2 0-1

[Event "blitmenteam"]
[Site "?"]
[Date "2016.10.07"]
[Round "7.13"]
[White "Tekeyev, Zaur"]
[Black "Sychev, Klementy"]
[Result "1-0"]
[LiveChessVersion "1.4.4"]
[BlackElo "2516"]
[WhiteElo "2438"]

1. e4 {[%clk 0:03:04]} e5 {[%clk 0:03:04]} 2. Nf3 {[%clk 0:03:04]} Nc6
{[%clk 0:03:05]} 3. Bc4 {[%clk 0:02:58]} Nf6 {[%clk 0:03:06]} 4. d3
{[%clk 0:02:59]} Be7 {[%clk 0:03:07]} 5. a4 {[%clk 0:02:54]} O-O {[%clk 0:03:05]}
6. Nc3 {[%clk 0:02:53]} d6 {[%clk 0:03:05]} 7. h3 {[%clk 0:02:54]} a6
{[%clk 0:02:30]} 8. O-O {[%clk 0:02:50]} h6 {[%clk 0:02:07]} 9. a5
{[%clk 0:02:50]} Be6 {[%clk 0:02:08]} 10. Re1 {[%clk 0:02:51]} Qd7
{[%clk 0:01:57]} 11. Bd2 {[%clk 0:02:47]} Rfe8 {[%clk 0:01:58]} 12. Nd5
{[%clk 0:02:45]} Bd8 {[%clk 0:01:50]} 13. Ba2 {[%clk 0:02:41]} Na7
{[%clk 0:01:18]} 14. d4 {[%clk 0:01:37]} Bxd5 {[%clk 0:01:15]} 15. exd5
{[%clk 0:01:38]} e4 {[%clk 0:01:16]} 16. Nh2 {[%clk 0:01:34]} c6 {[%clk 0:01:15]}
1-0

[Event "blitmenteam"]
[Site "?"]
[Date "2016.10.07"]
[Round "7.14"]
[White "Zakhartsov, Vladimir"]
[Black "Nechaev, Oleg"]
[Result "0-1"]
[LiveChessVersion "1.4.4"]
[BlackElo "2369"]
[WhiteElo "2527"]

1. e4 {[%clk 0:03:04]} c5 {[%clk 0:03:03]} 2. Nf3 {[%clk 0:03:05]} Nc6
{[%clk 0:03:04]} 3. d4 {[%clk 0:03:06]} cxd4 4. Nxd4 {[%clk 0:03:07]} Qb6
{[%clk 0:03:06]} 5. Nb3 {[%clk 0:03:07]} Nf6 {[%clk 0:03:07]} 6. Nc3
{[%clk 0:03:08]} e6 {[%clk 0:03:08]} 7. Be3 {[%clk 0:03:09]} Qc7 {[%clk 0:03:09]}
8. Qe2 {[%clk 0:02:54]} Be7 {[%clk 0:03:03]} 9. O-O-O {[%clk 0:02:51]} a6
{[%clk 0:03:04]} 10. g4 {[%clk 0:02:50]} d6 {[%clk 0:03:04]} 11. g5
{[%clk 0:02:48]} Nd7 {[%clk 0:03:05]} 12. f4 {[%clk 0:02:47]} b5 {[%clk 0:03:06]}
13. Bg2 {[%clk 0:02:14]} Rb8 {[%clk 0:03:06]} 14. Kb1 {[%clk 0:01:49]} Nb6
{[%clk 0:02:53]} 15. Qh5 {[%clk 0:01:20]} g6 {[%clk 0:02:49]} 16. Qg4
{[%clk 0:01:14]} Nc4 {[%clk 0:02:34]} 17. Bc1 {[%clk 0:01:14]} a5
{[%clk 0:02:08]} 18. Ne2 {[%clk 0:01:11]} a4 {[%clk 0:02:05]} 19. Nbd4
{[%clk 0:00:45]} Nxd4 {[%clk 0:02:03]} 20. Nxd4 e5 {[%clk 0:02:01]} 21. Nf5
{[%clk 0:00:44]} gxf5 22. exf5 {[%clk 0:00:45]} b4 {[%clk 0:01:55]} 23. Bd5
{[%clk 0:00:45]} Na3+ {[%clk 0:01:50]} 24. Ka1 {[%clk 0:00:36]} Nxc2+ 25. Kb1
Na3+ {[%clk 0:01:48]} 26. Ka1 {[%clk 0:00:39]} Qc2 {[%clk 0:01:42]} 27. Be3
{[%clk 0:00:36]} Qb1+ {[%clk 0:01:42]} 0-1

[Event "blitmenteam"]
[Site "?"]
[Date "2016.10.07"]
[Round "7.15"]
[White "Rozhko, Dmitry"]
[Black "Kovalev, Egor"]
[Result "1/2-1/2"]
[LiveChessVersion "1.4.4"]
[BlackElo "2228"]
[WhiteElo "2288"]

1. d4 {[%clk 0:03:04]} Nf6 2. Nf3 g6 {[%clk 0:03:05]} 3. Bg5 {[%clk 0:03:06]} Bg7
{[%clk 0:03:06]} 4. Nbd2 {[%clk 0:03:08]} O-O {[%clk 0:03:06]} 5. c3
{[%clk 0:03:09]} d6 {[%clk 0:03:05]} 6. e4 {[%clk 0:03:10]} Nbd7 {[%clk 0:03:04]}
7. Be2 {[%clk 0:03:11]} e5 {[%clk 0:03:04]} 8. dxe5 {[%clk 0:03:12]} dxe5
{[%clk 0:03:05]} 9. O-O {[%clk 0:03:13]} h6 {[%clk 0:03:06]} 10. Bh4
{[%clk 0:03:14]} c6 {[%clk 0:03:06]} 11. Nc4 {[%clk 0:03:06]} Qc7
{[%clk 0:03:03]} 12. Qd6 {[%clk 0:03:06]} Qxd6 {[%clk 0:02:52]} 13. Nxd6
{[%clk 0:03:07]} Nc5 {[%clk 0:02:47]} 14. Nxe5 {[%clk 0:02:52]} Nfxe4
{[%clk 0:02:35]} 15. Nec4 {[%clk 0:01:57]} g5 {[%clk 0:02:12]} 16. Bg3
{[%clk 0:01:56]} Be6 {[%clk 0:02:13]} 17. Nxe4 {[%clk 0:01:50]} Nxe4
{[%clk 0:02:13]} 18. Rad1 {[%clk 0:01:41]} Rfd8 {[%clk 0:02:07]} 19. Na5
{[%clk 0:01:39]} Nxg3 {[%clk 0:01:49]} 20. hxg3 {[%clk 0:01:39]} Bxa2
{[%clk 0:01:25]} 21. Nxb7 {[%clk 0:01:35]} Rxd1 {[%clk 0:01:14]} 22. Rxd1
{[%clk 0:01:35]} Rb8 {[%clk 0:01:15]} 23. Rd8+ {[%clk 0:01:28]} Rxd8
{[%clk 0:01:13]} 24. Nxd8 {[%clk 0:01:29]} Bd5 {[%clk 0:00:46]} 25. Bf3
{[%clk 0:01:25]} Bf6 {[%clk 0:00:27]} 26. Nxc6 {[%clk 0:01:23]} Bxc6
{[%clk 0:00:26]} 27. Bxc6 {[%clk 0:01:24]} h5 {[%clk 0:00:13]} 28. Bf3
{[%clk 0:01:22]} h4 {[%clk 0:00:14]} 29. gxh4 {[%clk 0:01:22]} gxh4
{[%clk 0:00:15]} 30. Bd5 {[%clk 0:01:09]} Kf8 {[%clk 0:00:16]} 31. Kf1
{[%clk 0:01:10]} Ke7 {[%clk 0:00:16]} 32. Ke2 {[%clk 0:01:11]} Bg5
{[%clk 0:00:16]} 33. Kd3 {[%clk 0:01:12]} f6 {[%clk 0:00:13]} 34. b4
{[%clk 0:01:11]} Kd6 {[%clk 0:00:14]} 35. Be4 {[%clk 0:01:06]} Bc1
{[%clk 0:00:13]} 36. c4 {[%clk 0:01:06]} Ba3 {[%clk 0:00:11]} 37. c5+
{[%clk 0:01:06]} Kc7 {[%clk 0:00:13]} 38. Kc4 {[%clk 0:01:07]} Bc1
{[%clk 0:00:13]} 39. b5 {[%clk 0:01:07]} Bd2 {[%clk 0:00:13]} 40. Kd5
{[%clk 0:01:07]} Be1 {[%clk 0:00:13]} 41. f4 {[%clk 0:00:57]} Bf2
{[%clk 0:00:13]} 42. Ke6 {[%clk 0:00:28]} Bd4 {[%clk 0:00:14]} 43. c6
{[%clk 0:00:23]} Bc3 {[%clk 0:00:14]} 44. Kf5 {[%clk 0:00:24]} Bd4
{[%clk 0:00:15]} 45. Bd3 {[%clk 0:00:24]} Bc3 {[%clk 0:00:16]} 46. Kg4
{[%clk 0:00:25]} Be1 {[%clk 0:00:18]} 47. Kf5 {[%clk 0:00:24]} Bc3
{[%clk 0:00:19]} 48. Bf1 {[%clk 0:00:20]} 1/2-1/2

[Event "blitmenteam"]
[Site "?"]
[Date "2016.10.07"]
[Round "7.16"]
[White "Babikov, Ivan"]
[Black "Shandrygin, Nikita"]
[Result "0-1"]
[LiveChessVersion "1.4.4"]
[BlackElo "2202"]
[WhiteElo "2189"]

1. e4 {[%clk 0:03:03]} c5 {[%clk 0:03:04]} 2. d4 {[%clk 0:03:01]} cxd4
{[%clk 0:03:05]} 3. c3 {[%clk 0:03:02]} dxc3 {[%clk 0:03:06]} 4. Nxc3
{[%clk 0:03:03]} Nc6 {[%clk 0:03:07]} 5. Nf3 {[%clk 0:03:03]} e6 {[%clk 0:03:08]}
6. Bc4 {[%clk 0:03:04]} Nf6 {[%clk 0:03:09]} 7. O-O {[%clk 0:02:51]} Nxe4
{[%clk 0:03:11]} 8. Re1 {[%clk 0:02:37]} Nxc3 {[%clk 0:03:09]} 9. bxc3
{[%clk 0:02:38]} Be7 {[%clk 0:03:08]} 10. Bd3 {[%clk 0:02:35]} O-O
{[%clk 0:03:04]} 11. Qc2 {[%clk 0:02:33]} h6 {[%clk 0:02:59]} 12. Bf4
{[%clk 0:02:29]} d5 {[%clk 0:02:59]} 13. Rad1 {[%clk 0:02:26]} Bf6
{[%clk 0:02:50]} 14. Qd2 {[%clk 0:02:11]} Re8 {[%clk 0:02:07]} 15. Bc2
{[%clk 0:01:21]} e5 {[%clk 0:01:58]} 16. Bxh6 {[%clk 0:01:02]} e4
{[%clk 0:01:50]} 17. Qf4 {[%clk 0:00:14]} exf3 {[%clk 0:01:30]} 18. Rxe8+
{[%clk 0:00:14]} Qxe8 {[%clk 0:01:32]} 19. Qxf3 {[%clk 0:00:11]} Qe5
{[%clk 0:01:07]} 20. Qd3 {[%clk 0:00:03]} gxh6 {[%clk 0:00:52]} 21. Qh7+
{[%clk 0:00:04]} Kf8 {[%clk 0:00:54]} 22. Qxh6+ {[%clk 0:00:04]} Bg7
{[%clk 0:00:55]} 23. Qh4 {[%clk 0:00:04]} Bf5 {[%clk 0:00:50]} 24. Bb3
{[%clk 0:00:05]} Be6 {[%clk 0:00:50]} 25. h3 {[%clk 0:00:05]} Rd8
{[%clk 0:00:49]} 26. Qa4 {[%clk 0:00:05]} Qxc3 {[%clk 0:00:41]} 27. Qa3+
{[%clk 0:00:05]} Qb4 {[%clk 0:00:42]} 28. Qc1 {[%clk 0:00:05]} Qh4
{[%clk 0:00:33]} 29. Qc5+ {[%clk 0:00:05]} Qe7 {[%clk 0:00:33]} 30. Qb5
{[%clk 0:00:05]} d4 {[%clk 0:00:33]} 31. Bc2 {[%clk 0:00:05]} a6 {[%clk 0:00:32]}
32. Qh5 {[%clk 0:00:06]} Ne5 {[%clk 0:00:25]} 33. f4 {[%clk 0:00:03]} d3
{[%clk 0:00:25]} 34. Ba4 {[%clk 0:00:03]} Nc4 {[%clk 0:00:17]} 35. f5
{[%clk 0:00:03]} Bd5 {[%clk 0:00:17]} 36. f6 {[%clk 0:00:03]} Qxf6
{[%clk 0:00:17]} 0-1

[Event "blitmenteam"]
[Site "?"]
[Date "2016.10.07"]
[Round "7.17"]
[White "Alexeev, Alexey"]
[Black "Alekseev, Evgeny"]
[Result "0-1"]
[LiveChessVersion "1.4.4"]
[BlackElo "2662"]
[WhiteElo "2230"]

1. e4 {[%clk 0:03:03]} c5 {[%clk 0:03:04]} 2. a3 {[%clk 0:03:04]} g6
{[%clk 0:03:04]} 3. b4 {[%clk 0:03:05]} Bg7 {[%clk 0:03:05]} 4. Nc3
{[%clk 0:03:06]} d6 {[%clk 0:03:06]} 5. Rb1 {[%clk 0:03:05]} Nc6 {[%clk 0:03:04]}
6. g3 {[%clk 0:03:03]} e6 {[%clk 0:02:50]} 7. Bg2 {[%clk 0:03:02]} Nge7
{[%clk 0:02:51]} 8. Nge2 {[%clk 0:03:03]} O-O {[%clk 0:02:50]} 9. O-O
{[%clk 0:02:53]} b6 {[%clk 0:02:44]} 10. d3 {[%clk 0:02:46]} Bb7 {[%clk 0:02:36]}
11. b5 {[%clk 0:02:31]} Nd4 {[%clk 0:02:33]} 12. Nxd4 {[%clk 0:02:31]} cxd4
{[%clk 0:02:33]} 13. Ne2 {[%clk 0:02:32]} e5 {[%clk 0:02:27]} 14. c3
{[%clk 0:02:25]} dxc3 {[%clk 0:02:23]} 15. Nxc3 {[%clk 0:02:25]} Rc8
{[%clk 0:02:04]} 16. Qb3 {[%clk 0:02:25]} Qd7 {[%clk 0:01:46]} 17. Bb2
{[%clk 0:02:05]} Rc5 {[%clk 0:01:33]} 18. a4 {[%clk 0:01:45]} Rfc8
{[%clk 0:01:31]} 19. Rbc1 {[%clk 0:01:34]} Bh6 {[%clk 0:01:28]} 20. f4
{[%clk 0:01:31]} exf4 {[%clk 0:01:18]} 21. gxf4 {[%clk 0:01:18]} Qg4
{[%clk 0:01:11]} 22. Ba3 {[%clk 0:00:59]} Bxf4 {[%clk 0:01:01]} 23. Bxc5
{[%clk 0:00:59]} Rxc5 {[%clk 0:00:56]} 24. Rc2 {[%clk 0:00:40]} Rh5
{[%clk 0:00:52]} 25. Rxf4 {[%clk 0:00:34]} Qxf4 {[%clk 0:00:52]} 26. Rf2
{[%clk 0:00:33]} Qxh2+ {[%clk 0:00:47]} 27. Kf1 {[%clk 0:00:34]} d5
{[%clk 0:00:48]} 28. Qb4 {[%clk 0:00:29]} Qe5 {[%clk 0:00:33]} 29. d4
{[%clk 0:00:28]} Qe6 {[%clk 0:00:33]} 30. Nxd5 {[%clk 0:00:12]} Bxd5
{[%clk 0:00:31]} 31. exd5 {[%clk 0:00:13]} Nxd5 {[%clk 0:00:32]} 32. Bxd5
{[%clk 0:00:06]} Rxd5 {[%clk 0:00:27]} 0-1

[Event "blitmenteam"]
[Site "?"]
[Date "2016.10.07"]
[Round "7.18"]
[White "Romanov, Evgeny"]
[Black "Chos, Alexey"]
[Result "1-0"]
[LiveChessVersion "1.4.4"]
[BlackElo "2336"]
[WhiteElo "2518"]

1. d4 {[%clk 0:03:02]} Nf6 {[%clk 0:03:03]} 2. Nf3 {[%clk 0:03:03]} c5
{[%clk 0:03:03]} 3. d5 {[%clk 0:03:04]} g6 {[%clk 0:03:02]} 4. Nc3
{[%clk 0:03:03]} Bg7 {[%clk 0:03:04]} 5. e4 {[%clk 0:03:04]} d6 {[%clk 0:03:05]}
6. Bb5+ {[%clk 0:03:04]} Nbd7 {[%clk 0:03:04]} 7. a4 {[%clk 0:03:02]} a6
{[%clk 0:03:04]} 8. Be2 {[%clk 0:03:03]} O-O {[%clk 0:03:02]} 9. O-O
{[%clk 0:03:04]} Rb8 {[%clk 0:02:48]} 10. h3 {[%clk 0:03:02]} Kh8
{[%clk 0:02:42]} 11. Bf4 {[%clk 0:02:54]} Nh5 {[%clk 0:02:41]} 12. Bh2
{[%clk 0:02:55]} h6 {[%clk 0:02:37]} 13. Re1 {[%clk 0:02:50]} Re8
{[%clk 0:02:27]} 14. Qd2 {[%clk 0:02:50]} Kh7 {[%clk 0:02:27]} 15. Bf1
{[%clk 0:02:41]} Ne5 {[%clk 0:02:20]} 16. Nxe5 {[%clk 0:02:38]} dxe5
{[%clk 0:02:20]} 17. a5 {[%clk 0:02:32]} g5 {[%clk 0:02:11]} 18. Na4
{[%clk 0:02:31]} Nf4 {[%clk 0:02:08]} 19. Qc3 {[%clk 0:02:16]} Qd6
{[%clk 0:01:53]} 20. Qxc5 {[%clk 0:02:09]} Qg6 {[%clk 0:01:43]} 21. Qc7
{[%clk 0:02:02]} Bxh3 {[%clk 0:01:40]} 22. gxh3 {[%clk 0:02:01]} Rbc8
{[%clk 0:01:39]} 23. Qb6 {[%clk 0:02:02]} g4 {[%clk 0:01:36]} 24. Qxg6+
{[%clk 0:02:02]} fxg6 {[%clk 0:01:31]} 25. hxg4 {[%clk 0:01:58]} Rxc2
{[%clk 0:01:32]} 26. Rac1 {[%clk 0:01:58]} Rec8 {[%clk 0:01:33]} 27. Rxc2
{[%clk 0:01:53]} Rxc2 {[%clk 0:01:34]} 28. b4 {[%clk 0:01:39]} Bf6
{[%clk 0:01:29]} 29. Nc5 {[%clk 0:01:35]} Rb2 {[%clk 0:01:30]} 30. Bxf4
{[%clk 0:01:22]} exf4 {[%clk 0:01:30]} 31. e5 {[%clk 0:01:23]} Bh4
{[%clk 0:01:31]} 32. Nd3 {[%clk 0:01:24]} Rd2 {[%clk 0:01:30]} 33. Kg2
{[%clk 0:01:20]} h5 {[%clk 0:01:30]} 34. gxh5 {[%clk 0:01:19]} g5
{[%clk 0:01:32]} 35. Kf3 {[%clk 0:01:19]} Kh6 {[%clk 0:01:33]} 36. d6
{[%clk 0:01:13]} exd6 {[%clk 0:01:33]} 37. e6 {[%clk 0:01:05]} Kxh5
{[%clk 0:01:31]} 38. e7 {[%clk 0:01:06]} g4+ {[%clk 0:01:28]} 39. Kxf4
{[%clk 0:01:07]} Bg5+ {[%clk 0:01:29]} 40. Ke4 1-0

[Event "blitmenteam"]
[Site "?"]
[Date "2016.10.07"]
[Round "7.19"]
[White "Jary, Sergey"]
[Black "Levin, Evgeny A."]
[Result "0-1"]
[LiveChessVersion "1.4.4"]
[BlackElo "2480"]
[WhiteElo "2368"]

1. d4 {[%clk 0:03:03]} e6 {[%clk 0:03:03]} 2. Nf3 {[%clk 0:03:04]} Nf6
{[%clk 0:03:05]} 3. g3 {[%clk 0:03:05]} b6 {[%clk 0:03:04]} 4. Bg2
{[%clk 0:03:07]} Bb7 {[%clk 0:03:06]} 5. O-O {[%clk 0:03:08]} Be7
{[%clk 0:03:06]} 6. b3 {[%clk 0:03:09]} O-O {[%clk 0:03:07]} 7. Bb2
{[%clk 0:03:11]} c5 {[%clk 0:03:07]} 8. e3 {[%clk 0:03:11]} d6 {[%clk 0:03:06]}
9. Nbd2 {[%clk 0:03:12]} Nbd7 {[%clk 0:03:07]} 10. c4 {[%clk 0:03:14]} Ne4
{[%clk 0:03:02]} 11. Qe2 {[%clk 0:03:12]} Qc7 {[%clk 0:03:00]} 12. Rfd1
{[%clk 0:03:10]} Rfd8 {[%clk 0:03:00]} 13. Nxe4 {[%clk 0:03:11]} Bxe4
{[%clk 0:03:00]} 14. Ne1 {[%clk 0:03:12]} Bxg2 {[%clk 0:02:59]} 15. Kxg2
{[%clk 0:03:07]} Rac8 {[%clk 0:02:52]} 16. Rac1 {[%clk 0:03:08]} Nf6
{[%clk 0:02:51]} 17. h3 {[%clk 0:03:03]} cxd4 {[%clk 0:02:44]} 18. Bxd4
{[%clk 0:03:03]} Qb7+ {[%clk 0:02:33]} 19. Kh2 {[%clk 0:02:57]} d5
{[%clk 0:02:32]} 20. Bxf6 {[%clk 0:02:51]} Bxf6 {[%clk 0:02:33]} 21. cxd5
{[%clk 0:02:44]} Rxc1 {[%clk 0:02:33]} 22. Rxc1 {[%clk 0:02:45]} Qxd5
{[%clk 0:02:31]} 23. e4 {[%clk 0:02:35]} Qd7 {[%clk 0:02:20]} 24. Nf3
{[%clk 0:02:25]} g6 {[%clk 0:02:21]} 25. Rc2 {[%clk 0:02:23]} Qb7
{[%clk 0:02:16]} 26. Rd2 {[%clk 0:02:11]} Rc8 {[%clk 0:02:17]} 27. Rc2
{[%clk 0:02:11]} Rd8 {[%clk 0:01:56]} 28. Rd2 {[%clk 0:02:12]} Rf8
{[%clk 0:01:43]} 29. Rc2 {[%clk 0:02:05]} b5 {[%clk 0:01:41]} 30. Ne1
{[%clk 0:01:59]} Rd8 {[%clk 0:01:37]} 31. Nf3 {[%clk 0:01:55]} a6
{[%clk 0:01:37]} 32. Rd2 {[%clk 0:01:55]} Rc8 {[%clk 0:01:35]} 33. Rc2
{[%clk 0:01:56]} Bc3 {[%clk 0:01:18]} 34. h4 {[%clk 0:01:52]} h6 {[%clk 0:01:17]}
35. Qe3 {[%clk 0:01:50]} Bg7 {[%clk 0:01:04]} 36. Rxc8+ {[%clk 0:01:50]} Qxc8
{[%clk 0:01:05]} 37. Qe2 {[%clk 0:01:44]} Qc3 {[%clk 0:01:06]} 38. Kg2
{[%clk 0:01:39]} Bf6 {[%clk 0:01:02]} 39. Qe3 {[%clk 0:01:29]} Qc2
{[%clk 0:00:58]} 40. e5 {[%clk 0:01:25]} Bg7 {[%clk 0:00:46]} 41. a3
{[%clk 0:01:12]} Qa2 {[%clk 0:00:44]} 42. b4 {[%clk 0:01:07]} Qd5
{[%clk 0:00:42]} 43. g4 {[%clk 0:01:02]} Bf8 {[%clk 0:00:40]} 44. Kg3
{[%clk 0:00:59]} Bg7 {[%clk 0:00:36]} 45. Kf4 {[%clk 0:00:48]} Kh7
{[%clk 0:00:29]} 46. h5 {[%clk 0:00:39]} gxh5 {[%clk 0:00:21]} 47. gxh5
{[%clk 0:00:40]} Kg8 {[%clk 0:00:21]} 48. Qe4 {[%clk 0:00:37]} Qd8
{[%clk 0:00:14]} 49. Kg4 {[%clk 0:00:25]} Qc8 {[%clk 0:00:14]} 50. Qe3
{[%clk 0:00:15]} Qc4+ {[%clk 0:00:15]} 51. Qf4 {[%clk 0:00:14]} Qd3
{[%clk 0:00:15]} 52. Qe3 {[%clk 0:00:10]} Qf5+ {[%clk 0:00:15]} 53. Kh4
{[%clk 0:00:10]} Bf8 {[%clk 0:00:13]} 54. Nd4 0-1